ÜÇ ÇATILI EV (Record no. 989040)
[ view plain ]
| 000 -LEADER | |
|---|---|
| sabit uzunluktaki kontrol alanı | 00245nam a2200097Ia 4500 |
| 001 - KONTROL NUMARASI | |
| kontrol alanı | 989040 |
| 005 - EN SON İŞLEMİN TARİH VE ZAMANI | |
| kontrol alanı | 20250826221149.0 |
| 008 - SABİT-UZUNLUKTA VERİ ÖĞELERİ--GENEL BİLGİ | |
| sabit uzunluktaki kontrol alanı | 250824s9999 xx 000 0 und d |
| 245 #0 - ESER / YAZAR | |
| ESER ADI | ÜÇ ÇATILI EV |
| Yazar Adı | AERHUR CONAN DOYLE |
| 260 ## - YAYIN, DAĞITIM, VB. | |
| YAYIN EVİ | DOKUZ YAYINLARI |
| Düşüm durumu | Kayıp durumu | Hasar Durumu | Ödünç verilmez | Ana kütüphane | Geçerli Kütüphane | Edinilen tarih | Toplam ödünç verme sayısı | Barkod | Son görüntüleme tarihi | Fiyatın geçerli olmaya başladığı tarih | Koha materyal türü |
|---|---|---|---|---|---|---|---|---|---|---|---|
| HOCA AHMET YESEVİ ORTAOKULU | HOCA AHMET YESEVİ ORTAOKULU | 24.08.2025 | 10628316 | 26.08.2025 | 26.08.2025 | Books |